1M+ First-Level Subdivisions of the World With a Map - Statistics

General Stats
  • This quiz has been taken 224 times
  • The average score is 403 of 1180
Answers on the Map
Answers color-coded by a green-red scale on the quiz's map according to % correct below.
 
Answer Stats
Country Type Subdivision % Correct
Pakistan 2017 C Territory Gilgit-Baltistan
96%
Burkina Faso 2024 P Region Nord
96%
Cameroon 2015 P Region North
96%
Ghana 2021 C Region Northern
96%
Israel 2021 E District Northern
96%
Malawi 2023 P Region Northern
96%
Rwanda 2022 C Province Northern
96%
Sierra Leone 2021 C Province Northern
96%
Sri Lanka 2024 C Province Northern
96%
Zambia 2022 C Province Northern
96%
Haiti 2009 E Department Ouest
96%
Greece 2021 C Administration Peloponnese, Western Greece and the Ionian
96%
Israel 2021 E District Southern
96%
Malawi 2023 P Region Southern
96%
Rwanda 2022 C Province Southern
96%
Sierra Leone 2021 C Province Southern
96%
Sri Lanka 2024 C Province Southern
96%
Zambia 2022 C Province Southern
96%
Denmark 2025 E Region Southern Denmark
96%
Ethiopia 2022 P Region Southern Nations, Nationalities, and Peoples' Region
96%
Nepal 2021 C Province Sudurpashchim
96%
Kazakhstan 2023 E Region Turkistan
96%
Cameroon 2015 P Region West
96%
Gambia 2024 C Region West Coast
96%
Ghana 2021 C Region Western
96%
Rwanda 2022 C Province Western
96%
Sierra Leone 2021 C Area Western
96%
Sri Lanka 2024 C Province Western
96%
Zambia 2022 C Province Western
96%
Syria 2021 E Governorate Aleppo
92%
Myanmar 2024 C State Mon
91%
Canada 2024 E Province Ontario
91%
Canada 2024 E Province Quebec
91%
Canada 2024 E Province British Columbia
90%
United States 2024 E State California
90%
United Kingdom 2021 C Country England
90%
United States 2024 E State Florida
90%
United States 2024 E State New Mexico
90%
United States 2024 E State New York
90%
United States 2024 E State Oregon
90%
United Kingdom 2021 C Country Scotland
90%
United States 2024 E State Texas
90%
United States 2024 E State Washington
90%
United States 2024 E State Alabama
89%
United States 2024 E State Idaho
89%
United States 2024 E State Illinois
89%
United States 2024 E State Louisiana
89%
Turkmenistan 2022 C Region Mary
89%
United States 2024 E State Michigan
89%
United States 2024 E State Mississippi
89%
United States 2024 E State Nevada
89%
United States 2024 E State North Carolina
89%
United Kingdom 2021 C Province Northern Ireland
89%
United States 2024 E State Ohio
89%
United States 2024 E State South Carolina
89%
United Kingdom 2021 C Country Wales
89%
United States 2024 E State Georgia
88%
United States 2024 E State Kansas
88%
United States 2024 E State Kentucky
88%
United States 2024 E State Montana
88%
United States 2024 E State Pennsylvania
88%
United States 2024 E State Tennessee
88%
Canada 2024 E Province Alberta
87%
United States 2024 E State Arizona
87%
United States 2024 E State Arkansas
87%
United States 2024 E State Colorado
87%
United States 2024 E State Connecticut
87%
Rwanda 2022 C Province Eastern
87%
United States 2024 E State Indiana
87%
United States 2024 E State Maine
87%
United States 2024 E State Massachusetts
87%
United States 2024 E State Nebraska
87%
United States 2024 E State New Jersey
87%
United States 2024 E State Oklahoma
87%
Kyrgyzstan 2022 C Region Osh
87%
Morocco 2024 C Region Souss-Massa
87%
United States 2024 E State Utah
87%
United States 2024 E State Virginia
87%
United States 2024 E State West Virginia
87%
United States 2024 E State Wisconsin
87%
Cameroon 2015 P Region East
86%
Ghana 2021 C Region Eastern
86%
Sierra Leone 2021 C Province Eastern
86%
Sri Lanka 2024 C Province Eastern
86%
Zambia 2022 C Province Eastern
86%
Saudi Arabia 2022 C Region Eastern Province
86%
Kazakhstan 2023 E Region East Kazakhstan
86%
Burkina Faso 2024 P Region Est
86%
United States 2024 E State Iowa
86%
United States 2024 E State Maryland
86%
United States 2024 E State Minnesota
86%
United States 2024 E State Missouri
86%
South Africa 2022 C Province Mpumalanga
86%
United States 2024 E State New Hampshire
86%
Morocco 2024 C Region Oriental
86%
United States 2024 E State Rhode Island
86%
Brazil 2024 E State Rio de Janeiro
86%
Belgium 2025 E Region Brussels-Capital Region
84%
Egypt 2023 E Governorate Cairo
84%
United States 2024 E State Delaware
84%
Mexico 2020 C State México
84%
Mexico 2020 C District Mexico City
84%
Russia 2024 E City Moscow
84%
Russia 2024 E Region Moscow
84%
Colombia 2023 P District Capital District
83%
Nepal 2021 C Province Province No. 1
83%
Brazil 2024 E State São Paulo
83%
Mexico 2020 C State Baja California
82%
Australia 2024 E State New South Wales
82%
Australia 2024 E State Queensland
82%
South Korea 2020 C Province Seoul
82%
Italy 2025 E Region Sicily
82%
Australia 2024 E State Western Australia
82%
Germany 2024 E State Bavaria
81%
China 2020 C Municipality Beijing
81%
Germany 2024 E State Berlin
81%
Venezuela 2019 P District Capital District
81%
Ukraine 2022 E City Kiev
81%
Ukraine 2022 E Region Kiev
81%
Canada 2024 E Province Manitoba
81%
Canada 2024 E Province Saskatchewan
81%
Myanmar 2024 C State Shan
81%
United Arab Emirates 2023 E Emirate Abu Dhabi
80%
Argentina 2022 C City Buenos Aires
80%
Argentina 2022 C Province Buenos Aires
80%
Denmark 2025 E Region Central Denmark
80%
United Arab Emirates 2023 E Emirate Dubai
80%
Turkey 2022 E Province Istanbul
80%
Peru 2022 P Province Lima
80%
Spain 2024 Ev Community Madrid
80%
Philippines 2020 C Region National Capital
80%
Chile 2024 C Region Santiago
80%
Dominican Republic 2022 C Province Santiago
80%
Cuba 2022 E Province Santiago de Cuba
80%
Argentina 2022 C Province Santiago del Estero
80%
China 2020 C Region Tibet
80%
Philippines 2020 C Region Cordillera
79%
Bosnia and Herzegovina 2022 E Division Federation of Bosnia and Herzegovina
79%
Zimbabwe 2022 C Province Masvingo
79%
Canada 2024 E Province Nova Scotia
79%
Portugal 2021 C District Porto
79%
Indonesia 2020 C Province Special Capital Region of Jakarta
79%
Australia 2024 E State Victoria
79%
Denmark 2025 E Region Capital Region
78%
Spain 2024 Ev Community Catalonia
78%
Syria 2021 E Governorate Damascus
78%
United States 2024 E State Hawaii
78%
Portugal 2021 C District Lisbon
78%
Belarus 2023 E City Minsk
78%
Belarus 2023 E Region Minsk
78%
Netherlands 2025 E Country Netherlands
78%
Syria 2021 E Governorate Rif Dimashq
78%
Turkey 2022 E Province Şanlıurfa
78%
Italy 2025 E Region Sardinia
78%
China 2020 C Municipality Shanghai
78%
Australia 2024 E State South Australia
78%
Japan 2024 E Prefecture Tokyo
78%
Qatar 2020 C Municipality Ad Dawhah
77%
Egypt 2023 E Governorate Alexandria
77%
Iraq 2018 E Province Baghdad
77%
Romania 2024 E Municipality Bucharest
77%
Hungary 2022 C County Budapest
77%
Sri Lanka 2024 C Province Central
77%
Ukraine 2022 E Autonomous Republic Crimea
77%
Tajikistan 2022 E Region Districts under Central Government Jurisdiction
77%
Saudi Arabia 2022 C Region Makkah
77%
Taiwan 2020 C Municipality Taipei
77%
Iran 2023 P Province Tehran
77%
China 2020 C Special Region Hong Kong
76%
United States 2020 C Territory Puerto Rico
76%
Russia 2024 E City Saint Petersburg
76%
Sweden 2024 E County Stockholm
76%
Austria 2025 E State Vienna
76%
Azerbaijan 2019 C City Baku
75%
Serbia 2022 C City Belgrade
75%
France 2022 E Region Brittany
75%
Ghana 2021 C Region Central
75%
Israel 2021 E District Central
75%
Malawi 2023 P Region Central
75%
Zambia 2022 C Province Central
75%
Burkina Faso 2024 P Region Centre
75%
Cameroon 2015 P Region Centre
75%
Brazil 2024 E District Federal District
75%
China 2020 C Region Inner Mongolia
75%
Japan 2024 E Prefecture Osaka
75%
Morocco 2024 C Region Rabat-Salé-Kénitra
75%
Greece 2021 C Administration Thessaly and Central Greece
75%
Nigeria 2022 P Territory Federal Capital Territory
74%
Czech Republic 2021 C Region Prague
74%
Italy 2025 E Region Tuscany
74%
Germany 2024 E State Hamburg
73%
Pakistan 2023 C Territory Islamabad Capital Territory
73%
New Zealand 2022 E Country New Zealand
73%
Ukraine 2022 E Region Odessa
73%
Algeria 2008 C Province Algiers
72%
Brazil 2024 E State Amazonas
72%
Thailand 2019 P Area Bangkok
72%
India 2023 P Territory Delhi
72%
South Africa 2022 C Province Gauteng
72%
France 2022 E Region Normandy
72%
Turkey 2022 E Province Ankara
71%
Morocco 2024 C Region Casablanca-Settat
71%
Ukraine 2022 E Region Donetsk
71%
Belgium 2025 E Region Flanders
71%
Ukraine 2022 E Region Lviv
71%
Kazakhstan 2023 E City Nur-Sultan
71%
Saudi Arabia 2022 C Region Riyadh
71%
India 2023 P State Uttar Pradesh
71%
Yemen 2004 C Municipality Amanat Al Asimah
70%
Mexico 2020 C State Chihuahua
70%
Bangladesh 2022 C Division Dhaka
70%
Spain 2024 Ev Community Galicia
70%
Madagascar 2020 P Region Sofia
70%
Bulgaria 2024 E Province Sofia City
70%
Paraguay 2022 C Departament Central
69%
Vietnam 2019 C Municipality Hà Nội
69%
Japan 2024 E Prefecture Hokkaido
69%
Syria 2021 E Governorate Homs
69%
Bolivia 2024 C Department La Paz
69%
North Korea 2008 C Direct-administered City Pyongyang
69%
Bosnia and Herzegovina 2022 E Division Republika Srpska
69%
Germany 2024 E State Saxony
69%
Spain 2024 Ev Community Valencia
69%
Belgium 2025 E Region Wallonia
69%
Mexico 2020 C State Yucatán
69%
Spain 2024 Ev Community Andalusia
68%
Greece 2021 C Administration Attica
68%
Vietnam 2019 C Municipality Hồ Chí Minh
68%
Afghanistan 2020 P Province Kabul
68%
Democratic Republic of the Congo 2020 P Province Kinshasa
68%
Nigeria 2022 P State Lagos
68%
Kazakhstan 2023 E City Almaty
67%
Kazakhstan 2023 E Region Almaty
67%
Spain 2024 Ev Community Balearic Islands
67%
South Korea 2020 C Province Busan
67%
Turkey 2022 E Province İzmir
67%
Russia 2024 E Region Kaliningrad
67%
Italy 2025 E Region Lombardy
67%
Switzerland 2024 E Canton Zürich
67%
Spain 2024 Ev Community Castile and León
66%
Morocco 2024 C Region Fès-Meknès
66%
China 2020 C Province Hainan
66%
Ukraine 2022 E Region Kharkiv
66%
Cuba 2022 E Province La Habana
66%
Panama 2023 C Province Panamá
66%
Uzbekistan 2025 E City Tashkent
66%
Uzbekistan 2025 E Region Tashkent
66%
Turkmenistan 2022 C District Ashgabat
65%
France 2022 E Region Île-de-France
65%
Sudan 2018 P State Khartoum
65%
Jordan 2021 E Governorate Amman
64%
Kyrgyzstan 2022 C City Bishkek
64%
Tanzania 2022 C Region Dar es Salaam
64%
Italy 2025 E Region Friuli-Venezia Giulia
64%
Guatemala 2018 C Department Guatemala
64%
Ukraine 2022 E Region Luhansk
64%
India 2023 P State Punjab
64%
Pakistan 2023 C Province Punjab
64%
Libya 2020 E District Tripoli
64%
Tunisia 2024 C Governorate Tunis
64%
China 2020 C Region Xinjiang Uyghur
64%
Myanmar 2024 C Region Yangon
64%
Spain 2024 Ev Community Aragon
63%
Spain 2024 Ev Community Basque
63%
Switzerland 2024 E Canton Bern
63%
Senegal 2023 C Region Dakar
63%
Algeria 2008 C Province Oran
63%
Costa Rica 2022 E Province San José
63%
Angola 2022 P Province Luanda
62%
Morocco 2024 C Region Marrakesh-Safi
62%
Russia 2024 E Region Rostov
62%
Ethiopia 2022 P City Addis Ababa
61%
Germany 2024 E State Brandenburg
61%
Japan 2024 E Prefecture Hiroshima
61%
Germany 2024 E State Mecklenburg-Vorpommern
61%
Oman 2020 C Province Muscat
61%
Pakistan 2017 C Territory Azad Jammu and Kashmir
60%
Germany 2024 E State Baden-Württemberg
60%
Russia 2024 E Republic Chechnya
60%
China 2020 C Province Guangdong
60%
India 2023 P Territory Jammu and Kashmir
60%
Mozambique 2023 P City Maputo
60%
Mozambique 2023 P Province Maputo
60%
Kenya 2023 P County Nairobi
60%
Germany 2024 E State North Rhine-Westphalia
60%
France 2022 E Region Provence-Alpes-Côte d'Azur
60%
Germany 2024 E State Saarland
60%
Ethiopia 2022 P Region Somali
60%
China 2020 C Municipality Tianjin
60%
Indonesia 2020 C Province Bali
59%
Tajikistan 2022 E Region Dushanbe
59%
Italy 2025 E Region Lazio
59%
Mexico 2020 C State Oaxaca
59%
Germany 2024 E State Rhineland-Palatinate
59%
Laos 2023 P Prefecture Vientiane
59%
Spain 2024 Ev Community Canary Islands
58%
Dominican Republic 2022 C District Distrito Nacional
58%
Ukraine 2022 E Region Dnipropetrovsk
58%
Italy 2025 E Region Emilia-Romagna
58%
Iran 2023 P Province Isfahan
58%
Germany 2024 E State Lower Saxony
58%
Saudi Arabia 2022 C Region Madinah
58%
Tanzania 2022 C Region Mara
58%
Spain 2024 Ev Community Murcia
58%
Cambodia 2019 C Province Phnom Penh
58%
Dominican Republic 2022 C Province Santo Domingo
58%
China 2020 C Province Sichuan
58%
Morocco 2024 C Region Tanger-Tetouan-Al Hoceima
58%
India 2023 P State West Bengal
58%
Turkey 2022 E Province Antalya
57%
Somalia 2019 Cn Region Banaadir
57%
Bangladesh 2022 C Division Chittagong
57%
Germany 2024 E State Hesse
57%
Japan 2024 E Prefecture Kyoto
57%
Greece 2021 C Administration Macedonia and Thrace
57%
Nicaragua 2023 E Department Managua
57%
Bolivia 2024 C Department Santa Cruz
57%
Germany 2024 E State Schleswig-Holstein
57%
Somalia 2019 Cn State Somaliland
57%
Mexico 2020 C State Sonora
57%
Mongolia 2021 E Municipality Ulaanbaatar
57%
Russia 2024 E Region Volgograd
57%
Nigeria 2022 P State Kano
56%
Russia 2024 E Territory Perm
56%
Mali 2022 C District Bamako
55%
Argentina 2022 C Province Córdoba
55%
Colombia 2023 P Department Córdoba
55%
Ghana 2021 C Region Greater Accra
55%
Uganda 2024 C City Kampala
55%
Malaysia 2023 E Territory Kuala Lumpur
55%
Italy 2025 E Region Liguria
55%
Japan 2024 E Prefecture Nagasaki
55%
Niger 2020 P Region Niamey
55%
Italy 2025 E Region Piedmont
55%
Venezuela 2019 P State Sucre
55%
France 2022 E Region Centre-Val de Loire
54%
Pakistan 2023 C Province Khyber Pakhtunkhwa
54%
Egypt 2023 E Governorate Luxor
54%
France 2022 E Region Bourgogne-Franche-Comté
53%
Republic of the Congo 2023 C Department Brazzaville
53%
France 2022 E Region Occitanie
53%
Russia 2024 E Region Omsk
53%
Spain 2024 Ev Community Extremadura
52%
Egypt 2023 E Governorate Giza
52%
France 2022 E Region Grand Est
52%
Russia 2024 E Region Irkutsk
52%
Italy 2025 E Region Veneto
52%
Ivory Coast 2021 C District Abidjan
51%
Spain 2024 Ev Community Asturias
51%
Russia 2024 E Republic Dagestan
51%
India 2023 P State Gujarat
51%
Zimbabwe 2022 C Province Harare
51%
Russia 2024 E Territory Krasnodar
51%
Czech Republic 2021 C Region Moravia-Silesia
51%
Russia 2024 E Region Nizhny Novgorod
51%
Cameroon 2015 P Region Northwest
51%
Sierra Leone 2021 C Province North West
51%
South Africa 2022 C Province North West
51%
Sri Lanka 2024 C Province North Western
51%
Zambia 2022 C Province North-Western
51%
Russia 2024 E Region Novosibirsk
51%
Poland 2023 E Province Silesia
51%
Italy 2025 E Region Trentino-South Tyrol
51%
Mexico 2020 C State Veracruz
51%
Italy 2025 E Region Apulia
50%
Guinea 2014 C Region Conakry
50%
Rwanda 2022 C Province Kigali
50%
Kenya 2023 P County Mombasa
50%
France 2022 E Region Nouvelle-Aquitaine
50%
Russia 2024 E Region Samara
50%
El Salvador 2024 C Department San Salvador
50%
Germany 2024 E State Saxony-Anhalt
50%
Germany 2024 E State Thuringia
50%
India 2023 P State Assam
49%
Central African Republic 2021 E Prefecture Bangui
49%
Belarus 2023 E Region Brest
49%
Spain 2024 Ev Community Castilla-La Mancha
49%
China 2020 C Province Hubei
49%
Somalia 2019 Cn State Jubaland
49%
Russia 2024 E Territory Krasnoyarsk
49%
Russia 2024 E Region Leningrad
49%
Chad 2019 P Region N'Djamena
49%
India 2023 P State Rajasthan
49%
Iran 2023 P Province Sistan and Baluchestan
49%
Pakistan 2023 C Province Balochistan
48%
Italy 2025 E Region Calabria
48%
Tanzania 2022 C Region Dodoma
48%
Japan 2024 E Prefecture Fukuoka
48%
India 2023 P State Goa
48%
China 2020 C Province Hebei
48%
Poland 2023 E Province Kuyavia-Pomerania
48%
Myanmar 2024 C Region Mandalay
48%
Japan 2024 E Prefecture Okinawa
48%
Indonesia 2020 C Province Papua
48%
France 2022 E Region Pays de la Loire
48%
Poland 2023 E Province Pomerania
48%
Georgia 2024 C Municipality Tbilisi
48%
China 2020 C Municipality Chongqing
47%
Poland 2023 E Province Łódź
47%
Russia 2024 E Republic Sakha
47%
India 2023 P State Tamil Nadu
47%
Armenia 2022 C Municipality Yerevan
47%
China 2020 C Province Yunnan
47%
Italy 2025 E Region Campania
46%
Russia 2024 E Region Chelyabinsk
46%
Peru 2022 P Departament Cusco
46%
Iran 2023 P Province Kurdistan
46%
Austria 2025 E State Lower Austria
46%
Myanmar 2024 C Territory Naypyidaw
46%
Mexico 2020 C State Puebla
46%
Mexico 2020 C State Sinaloa
46%
Cameroon 2015 P Region Southwest
46%
Somalia 2019 Cn State South West
46%
Ethiopia 2022 P Region South West Ethiopia Peoples' Region
46%
Austria 2025 E State Upper Austria
46%
Egypt 2023 E Governorate Aswan
45%
Iraq 2018 E Province Basra
45%
India 2023 P State Kerala
45%
South Africa 2022 C Province Western Cape
45%
Mexico 2020 C State Chiapas
44%
Vietnam 2019 C Municipality Đà Nẵng
44%
Mexico 2020 C State Tabasco
44%
Indonesia 2020 C Province East Java
43%
Turkey 2022 E Province Gaziantep
43%
South Korea 2020 C Province Incheon
43%
Israel 2021 E District Jerusalem
43%
Russia 2024 E Region Kursk
43%
Zambia 2022 C Province Lusaka
43%
Uruguay 2023 C Departament Montevideo
43%
Italy 2025 E Region Abruzzo
42%
France 2022 E Region Auvergne-Rhône-Alpes
42%
Turkey 2022 E Province Bursa
42%
Belarus 2023 E Region Gomel
42%
China 2020 C Province Hunan
42%
Mexico 2020 C State Jalisco
42%
Ukraine 2022 E Region Kherson
42%
Japan 2024 E Prefecture Mie
42%
Mexico 2020 C State Nuevo León
42%
Brazil 2024 E State Pará
42%
Mexico 2020 C State Quintana Roo
42%
China 2020 C Province Shaanxi
42%
China 2020 C Province Shandong
42%
China 2020 C Province Shanxi
42%
Israel 2021 E District Tel Aviv
42%
Russia 2024 E Region Tomsk
42%
Indonesia 2020 C Province West Java
42%
South Africa 2022 C Province Eastern Cape
41%
Pakistan 2023 C Province Sindh
41%
Brazil 2024 E State Bahia
40%
Indonesia 2020 C Province Central Java
40%
South Korea 2020 C Province Daegu
40%
China 2020 C Province Gansu
40%
France 2022 E Region Hauts-de-France
40%
Brazil 2024 E State Mato Grosso
40%
Indonesia 2020 C Province South Sumatra
40%
Austria 2025 E State Styria
40%
Russia 2024 E Republic Tatarstan
40%
Chile 2024 C Region Valparaíso
40%
Ukraine 2022 E Region Zaporizhia
40%
Indonesia 2020 C Province Aceh
39%
Turkey 2022 E Province Adana
39%
Mexico 2020 C State Durango
39%
China 2020 C Province Fujian
39%
China 2020 C Province Henan
39%
Afghanistan 2020 P Province Kandahar
39%
Poland 2023 E Province Lublin
39%
Italy 2025 E Region Marche
39%
South Africa 2022 C Province Northern Cape
39%
Indonesia 2020 C Province North Sumatra
39%
Iran 2023 P Province Qom
39%
Brazil 2024 E State Rio Grande do Sul
39%
Russia 2024 E Region Saratov
39%
Russia 2024 E Region Voronezh
39%
South Africa 2022 C Province KwaZulu-Natal
38%
Turkey 2022 E Province Van
38%
Thailand 2019 P Province Chiang Mai
37%
Philippines 2020 C Region Davao
37%
Taiwan 2020 C Municipality Kaohsiung
37%
Brazil 2024 E State Minas Gerais
37%
Uzbekistan 2025 E Region Samarqand
37%
Mexico 2020 C State Tamaulipas
37%
Russia 2024 E Region Vladimir
37%
Iraq 2018 E Province Erbil
36%
China 2020 C Region Guangxi
36%
India 2023 P State Madhya Pradesh
36%
Indonesia 2020 C Province North Sulawesi
36%
India 2023 P State Odisha
36%
Mexico 2020 C State San Luis Potosí
36%
United Arab Emirates 2023 E Emirate Sharjah
36%
Indonesia 2020 C Province South Sulawesi
36%
Japan 2024 E Prefecture Fukushima
35%
Tunisia 2024 C Governorate Sfax
35%
Indonesia 2020 C Province West Papua
35%
Indonesia 2020 C Province West Sulawesi
35%
China 2020 C Province Anhui
34%
Russia 2024 E Region Belgorod
34%
Mexico 2020 C State Coahuila
34%
South Africa 2022 C Province Free State
34%
Burundi 2024 C Province Gitega
34%
Poland 2023 E Province Greater Poland
34%
Afghanistan 2020 P Province Herat
34%
China 2020 C Province Jilin
34%
Malaysia 2023 E State Johor
34%
India 2023 P State Maharashtra
34%
Mauritius 2022 C Island Mauritius
34%
Taiwan 2020 C Municipality New Taipei
34%
Brazil 2024 E State Paraná
34%
Brazil 2024 E State Rio Grande do Norte
34%
Belarus 2023 E Region Vitebsk
34%
Indonesia 2020 C Province West Sumatra
34%
Russia 2024 E Region Bryansk
33%
Indonesia 2020 C Province Central Sulawesi
33%
Turkey 2022 E Province Konya
33%
Poland 2023 E Province Lesser Poland
33%
Argentina 2022 C Province Mendoza
33%
Malaysia 2023 E State Sarawak
33%
Ukraine 2022 E Region Sumy
33%
Mexico 2020 C State Aguascalientes
32%
India 2023 P State Andhra Pradesh
32%
Peru 2022 P Departament Arequipa
32%
South Korea 2020 C Province Gwangju
32%
China 2020 C Province Liaoning
32%
Russia 2024 E Region Tver
32%
Burundi 2024 C Province Bujumbura
31%
Bolivia 2024 C Department Cochabamba
31%
Indonesia 2020 C Province East Kalimantan
31%
Mozambique 2023 P Province Gaza
31%
Israel 2021 E District Haifa
31%
China 2020 C Province Heilongjiang
31%
China 2020 C Region Ningxia
31%
China 2020 C Province Qinghai
31%
Indonesia 2020 C Province South Kalimantan
31%
Taiwan 2020 C Municipality Taichung
31%
Russia 2024 E Region Tula
31%
Indonesia 2020 C Province West Kalimantan
31%
Russia 2024 E Region Yaroslavl
31%
Mexico 2020 C State Zacatecas
31%
Indonesia 2020 C Province Central Kalimantan
30%
Brazil 2024 E State Goiás
30%
Mexico 2020 C State Guerrero
30%
Ukraine 2022 E Region Ivano-Frankivsk
30%
China 2020 C Province Jiangsu
30%
China 2020 C Province Jiangxi
30%
Russia 2024 E Territory Khabarovsk
30%
Ukraine 2022 E Region Mykolaiv
30%
Sudan 2018 P State River Nile
30%
Russia 2024 E Territory Stavropol
30%
China 2020 C Province Zhejiang
30%
Poland 2023 E Province Masovia
29%
Brazil 2024 E State Mato Grosso do Sul
29%
Mexico 2020 C State Nayarit
29%
Ivory Coast 2021 C Region San-Pédro
29%
Sweden 2024 E County Skåne
29%
Taiwan 2020 C Municipality Tainan
29%
India 2023 P State Arunachal Pradesh
28%
India 2023 P State Bihar
28%
China 2020 C Province Guizhou
28%
Mexico 2020 C State Hidalgo
28%
India 2023 P State Karnataka
28%
Mexico 2020 C State Michoacán
28%
Russia 2024 E Region Orenburg
28%
Mexico 2020 C State Querétaro
28%
Cambodia 2019 C Province Siem Reap
28%
Mexico 2020 C State Guanajuato
27%
Malaysia 2023 E State Malacca
27%
Hungary 2022 C County Pest
27%
India 2023 P Territory Puducherry
27%
Somalia 2019 Cn State Puntland
27%
Brazil 2024 E State Santa Catarina
27%
India 2023 P State Telangana
27%
Poland 2023 E Province West Pomerania
27%
Russia 2024 E Territory Altai
26%
Czech Republic 2021 C Region Central Bohemia
26%
Japan 2024 E Prefecture Chiba
26%
Ukraine 2022 E Region Poltava
26%
Russia 2024 E Region Ryazan
26%
Argentina 2022 C Province Santa Fe
26%
Brazil 2024 E State Tocantins
26%
Russia 2024 E Region Tyumen
26%
Russia 2024 E Republic Chuvashia
25%
Indonesia 2020 C Province East Nusa Tenggara
25%
India 2023 P State Himachal Pradesh
25%
Russia 2024 E Region Kirov
25%
Poland 2023 E Province Lower Silesia
25%
Mexico 2020 C State Morelos
25%
India 2023 P State Nagaland
25%
Japan 2024 E Prefecture Nara
25%
Brazil 2024 E State Pernambuco
25%
Russia 2024 E Territory Primorsky
25%
Mexico 2020 C State Tlaxcala
25%
Russia 2024 E Republic Bashkortostan
24%
India 2023 P State Jharkhand
24%
Japan 2024 E Prefecture Nagano
24%
Indonesia 2020 C Province Southeast Sulawesi
24%
Ukraine 2022 E Region Zakarpattia
24%
Ethiopia 2022 P Region Amhara
23%
Uzbekistan 2025 E Region Bukhara
23%
India 2023 P State Chhattisgarh
23%
India 2023 P State Haryana
23%
Russia 2024 E Region Kaluga
23%
Myanmar 2024 C State Kayin
23%
South Africa 2022 C Province Limpopo
23%
India 2023 P State Manipur
23%
India 2023 P State Mizoram
23%
Japan 2024 E Prefecture Niigata
23%
Japan 2024 E Prefecture Okayama
23%
Ethiopia 2022 P Region Oromia
23%
Malaysia 2023 E State Penang
23%
Russia 2024 E Region Penza
23%
Republic of the Congo 2023 C Department Pointe-Noire
23%
Malaysia 2023 E State Sabah
23%
Japan 2024 E Prefecture Saitama
23%
Indonesia 2020 C Province Special Region of Yogyakarta
23%
Vietnam 2019 C Province Thừa Thiên-Huế
23%
Ethiopia 2022 P Region Tigray
23%
Russia 2024 E Region Vologda
23%
Japan 2024 E Prefecture Aomori
22%
Brazil 2024 E State Ceará
22%
Brazil 2024 E State Espírito Santo
22%
Vietnam 2019 C Municipality Hải Phòng
22%
Poland 2023 E Province Holy Cross
22%
Japan 2024 E Prefecture Kagoshima
22%
Ukraine 2022 E Region Rivne
22%
Brazil 2024 E State Rondônia
22%
Kazakhstan 2023 E City Shymkent
22%
Russia 2024 E Republic Udmurtia
22%
India 2023 P State Uttarakhand
22%
Poland 2023 E Province Warmia-Masuria
22%
South Korea 2020 C Province Daejeon
21%
Syria 2021 E Governorate Hama
21%
Iraq 2018 E Province Kirkuk
21%
Russia 2024 E Region Lipetsk
21%
Brazil 2024 E State Piauí
21%
Sudan 2018 P State Red Sea
21%
India 2023 P State Tripura
21%
Russia 2024 E Region Ulyanovsk
21%
Ukraine 2022 E Region Zhytomyr
21%
Iran 2023 P Province East Azerbaijan
20%
Uzbekistan 2025 E Republic Karakalpakstan
20%
Turkey 2022 E Province Kayseri
20%
Turkey 2022 E Province Samsun
20%
Brazil 2024 E State Sergipe
20%
Sudan 2018 P State South Darfur
20%
Ukraine 2022 E Region Ternopil
20%
South Korea 2020 C Province Ulsan
20%
Ukraine 2022 E Region Vinnytsia
20%
Iran 2023 P Province West Azerbaijan
20%
India 2023 P Territory Chandigarh
19%
Ukraine 2022 E Region Cherkasy
19%
Thailand 2019 P Province Chiang Rai
19%
Russia 2024 E Area Khanty-Mansi
19%
Syria 2021 E Governorate Latakia
19%
India 2023 P State Meghalaya
19%
Venezuela 2019 P State Mérida
19%
Turkey 2022 E Province Mersin
19%
Sudan 2018 P State North Darfur
19%
Czech Republic 2021 C Region South Moravia
19%
Poland 2023 E Province Subcarpathia
19%
Russia 2024 E Region Sverdlovsk
19%
Colombia 2023 P Department Bolívar
18%
Venezuela 2019 P State Bolívar
18%
Turkey 2022 E Province Diyarbakır
18%
Ukraine 2022 E Region Khmelnytskyi
18%
Brazil 2024 E State Maranhão
18%
Poland 2023 E Province Podlaskie
18%
Ethiopia 2022 P Region Afar
17%
Nigeria 2022 P State Kaduna
17%
Russia 2024 E Region Kemerovo
17%
Bangladesh 2022 C Division Khulna
17%
Brazil 2024 E State Paraíba
17%
Argentina 2022 C Province Salta
17%
Japan 2024 E Prefecture Shizuoka
17%
Bangladesh 2022 C Division Sylhet
17%
Ukraine 2022 E Region Volyn
17%
Jordan 2021 E Governorate Zarqa
17%
Tanzania 2022 C Region Arusha
16%
Angola 2022 P Province Benguela
16%
Angola 2022 P Province Bié
16%
Sudan 2018 P State Blue Nile
16%
Sudan 2018 P State East Darfur
16%
Japan 2024 E Prefecture Gunma
16%
Turkey 2022 E Province Hatay
16%
Japan 2024 E Prefecture Ibaraki
16%
Kazakhstan 2023 E Region Karagandy
16%
Argentina 2022 C Province Misiones
16%
Tanzania 2022 C Region Mwanza
16%
Madagascar 2020 P Region Sava
16%
Finland 2024 E Region Uusimaa
16%
Sudan 2018 P State West Darfur
16%
Sudan 2018 P State White Nile
16%
Philippines 2020 C Region Central Luzon
15%
Japan 2024 E Prefecture Hyōgo
15%
Japan 2024 E Prefecture Iwate
15%
Argentina 2022 C Province Tucumán
15%
Myanmar 2024 C Region Bago
14%
Japan 2024 E Prefecture Gifu
14%
Peru 2022 P Departament Ica
14%
Kyrgyzstan 2022 C Region Jalal-Abad
14%
Indonesia 2020 C Province Jambi
14%
Japan 2024 E Prefecture Kanagawa
14%
Iran 2023 P Province Kerman
14%
Japan 2024 E Prefecture Kumamoto
14%
Indonesia 2020 C Province Maluku
14%
Japan 2024 E Prefecture Miyazaki
14%
Philippines 2020 C Autonomous Region Muslim Mindanao
14%
Sri Lanka 2024 C Province North Central
14%
Japan 2024 E Prefecture Ōita
14%
Indonesia 2020 C Province Riau
14%
Indonesia 2020 C Province Riau Islands
14%
Taiwan 2020 C Municipality Taoyuan
14%
Japan 2024 E Prefecture Yamaguchi
14%
Japan 2024 E Prefecture Aichi
13%
Brazil 2024 E State Alagoas
13%
Peru 2022 P City Callao
13%
Thailand 2019 P Province Chonburi
13%
Vietnam 2019 C Municipality Cần Thơ
13%
Japan 2024 E Prefecture Ehime
13%
Argentina 2022 C Province Entre Ríos
13%
Uzbekistan 2025 E Region Fergana
13%
Indonesia 2020 C Province Gorontalo
13%
Iran 2023 P Province Khuzestan
13%
Indonesia 2020 C Province Lampung
13%
Peru 2022 P Departament Loreto
13%
Japan 2024 E Prefecture Miyagi
13%
Laos 2023 P Province Savannakhét
13%
Nigeria 2022 P State Sokoto
13%
Thailand 2019 P Province Surat Thani
13%
Yemen 2004 C Province Taiz
13%
Turkey 2022 E Province Tekirdağ
13%
Sweden 2024 E County Västra Götaland
13%
Japan 2024 E Prefecture Yamagata
13%
Iran 2023 P Province Yazd
13%
Philippines 2020 C Region Zamboanga Peninsula
13%
Indonesia 2020 C Province Banten
12%
Burkina Faso 2024 P Region Centre-Nord
12%
Nigeria 2022 P State Delta
12%
Iran 2023 P Province Fars
12%
Malaysia 2023 E State Kedah
12%
Democratic Republic of the Congo 2020 P Province North Kivu
12%
Indonesia 2020 C Province North Maluku
12%
Democratic Republic of the Congo 2020 P Province South Kivu
12%
Argentina 2022 C Province Corrientes
11%
Egypt 2023 E Governorate Damietta
11%
Morocco 2024 C Region Drâa-Tafilalet
11%
Nigeria 2022 P State Edo
11%
South Korea 2020 C Province Gangwon
11%
South Korea 2020 C Province Gyeonggi
11%
Syria 2021 E Governorate Idlib
11%
Iran 2023 P Province Mazandaran
11%
Nigeria 2022 P State Niger
11%
South Korea 2020 C Province North Jeolla
11%
Peru 2022 P Departament Piura
11%
Bangladesh 2022 C Division Rangpur
11%
Senegal 2023 C Region Saint-Louis
11%
Malaysia 2023 E State Selangor
11%
Japan 2024 E Prefecture Shiga
11%
South Korea 2020 C Province South Jeolla
11%
Tanzania 2022 C Region Tanga
11%
Democratic Republic of the Congo 2020 P Province Tanganyika
11%
Japan 2024 E Prefecture Tochigi
11%
Norway 2025 E Region Viken
11%
Uzbekistan 2025 E Region Andijan
10%
Colombia 2023 P Department Antioquia
10%
Iran 2023 P Province Ardabil
10%
Saudi Arabia 2022 C Region Asir
10%
Turkey 2022 E Province Aydın
10%
Bangladesh 2022 C Division Barisal
10%
Chile 2024 C Region Biobío
10%
Burkina Faso 2024 P Region Centre-Est
10%
Argentina 2022 C Province Chaco
10%
Turkey 2022 E Province Denizli
10%
Nigeria 2022 P State Enugu
10%
Afghanistan 2020 P Province Helmand
10%
Angola 2022 P Province Huambo
10%
Jordan 2021 E Governorate Irbid
10%
Japan 2024 E Prefecture Ishikawa
10%
Iran 2023 P Province Kermanshah
10%
Iran 2023 P Province Lorestan
10%
Turkey 2022 E Province Muğla
10%
Bangladesh 2022 C Division Mymensingh
10%
Mozambique 2023 P Province Nampula
10%
South Korea 2020 C Province North Gyeongsang
10%
Malaysia 2023 E State Pahang
10%
Peru 2022 P Departament Puno
10%
Tanzania 2022 C Region Pwani
10%
Bangladesh 2022 C Division Rajshahi
10%
Burkina Faso 2024 P Region Sahel
10%
South Korea 2020 C Province South Gyeongsang
10%
Malaysia 2023 E State Terengganu
10%
Indonesia 2020 C Province West Nusa Tenggara
10%
Indonesia 2020 C Province Bengkulu
9%
Burkina Faso 2024 P Region Centre-Ouest
9%
Afghanistan 2020 P Province Kunduz
9%
Lebanon 2017 E Governorate Mount Lebanon
9%
South Korea 2020 C Province North Chungcheong
9%
Nigeria 2022 P State Oyo
9%
Myanmar 2024 C State Rakhine
9%
Nigeria 2022 P State Rivers
9%
Philippines 2020 C Region SOCCSKSARGEN
9%
Iraq 2018 E Province Sulaymaniyah
9%
Costa Rica 2022 E Province Alajuela
8%
Egypt 2023 E Governorate Asyut
8%
Iraq 2018 E Province Babil
8%
Indonesia 2020 C Province Bangka Belitung Islands
8%
Peru 2022 P Departament Cajamarca
8%
Philippines 2020 C Region Eastern Visayas
8%
Egypt 2023 E Governorate Faiyum
8%
Venezuela 2019 P State Falcón
8%
Cameroon 2015 P Region Far North
8%
Iran 2023 P Province Gilan
8%
Iran 2023 P Province Golestan
8%
Ecuador 2022 C Province Guayas
8%
Iran 2023 P Province Hamadan
8%
Cuba 2022 E Province Holguín
8%
Yemen 2004 C Province Ibb
8%
Myanmar 2024 C State Kachin
8%
Turkey 2022 E Province Kahramanmaraş
8%
Mali 2022 C Region Kayes
8%
Malaysia 2023 E State Kelantan
8%
Tanzania 2022 C Region Kilimanjaro
8%
Nepal 2021 C Province Lumbini
8%
Turkey 2022 E Province Manisa
8%
Thailand 2019 P Province Nakhon Ratchasima
8%
Uzbekistan 2025 E Region Namangan
8%
Malaysia 2023 E State Negeri Sembilan
8%
Thailand 2019 P Province Nonthaburi
8%
Malaysia 2023 E State Perak
8%
Syria 2021 E Governorate Tartus
8%
Senegal 2023 C Region Thiès
8%
Ghana 2021 C Region Volta
8%
Cameroon 2015 P Region Adamawa
7%
Nigeria 2022 P State Adamawa
7%
Iran 2023 P Province Alborz
7%
Guatemala 2018 C Department Alta Verapaz
7%
Chile 2024 C Region Araucanía
7%
Myanmar 2024 C Region Ayeyarwady
7%
Nepal 2021 C Province Bagmati
7%
Turkey 2022 E Province Balıkesir
7%
Afghanistan 2020 P Province Balkh
7%
Iran 2023 P Province Bushehr
7%
Mozambique 2023 P Province Cabo Delgado
7%
Philippines 2020 C Region Central Visayas
7%
Colombia 2023 P Department Cesar
7%
Taiwan 2020 C County Changhua
7%
Syria 2021 E Governorate Deir ez-Zor
7%
Democratic Republic of the Congo 2020 P Province Équateur
7%
Honduras 2023 P Department Francisco Morazán
7%
Nepal 2021 C Province Gandaki
7%
Iran 2023 P Province Hormozgān
7%
Guatemala 2018 C Department Huehuetenango
7%
Philippines 2020 C Region Ilocos
7%
Saudi Arabia 2022 C Region Jizan
7%
North Korea 2008 C Province Kangwon
7%
Turkey 2022 E Province Kocaeli
7%
Democratic Republic of the Congo 2020 P Province Kongo Central
7%
Peru 2022 P Departament La Libertad
7%
Vietnam 2019 C Province Lào Cai
7%
Venezuela 2019 P State Lara
7%
Cameroon 2015 P Region Littoral
7%
Chile 2024 C Region Maule
7%
Venezuela 2019 P State Monagas
7%
Iraq 2018 E Province Najaf
7%
Philippines 2020 C Region Northern Mindanao
7%
North Korea 2008 C Province North Pyongan
7%
Venezuela 2019 P State Portuguesa
7%
Saudi Arabia 2022 C Region Qassim
7%
Iran 2023 P Province Razavi Khorasan
7%
Turkey 2022 E Province Sakarya
7%
Colombia 2023 P Department Santander
7%
Thailand 2019 P Province Songkhla
7%
South Korea 2020 C Province South Chungcheong
7%
Philippines 2020 C Region Southern Tagalog Mainland
7%
North Korea 2008 C Province South Pyongan
7%
Iran 2023 P Province Zanjan
7%
Niger 2020 P Region Zinder
7%
Venezuela 2019 P State Zulia
7%
Peru 2022 P Departament Ancash
6%
Ghana 2021 C Region Ashanti
6%
Nigeria 2022 P State Borno
6%
Philippines 2020 C Region Cagayan Valley
6%
Colombia 2023 P Department Cauca
6%
Iran 2023 P Province Chaharmahal and Bakhtiari
6%
Nigeria 2022 P State Cross River
6%
Colombia 2023 P Department Cundinamarca
6%
Turkmenistan 2022 C Region Daşoguz
6%
Mozambique 2023 P Province Inhambane
6%
Kazakhstan 2023 E Region Jambyl
6%
Uzbekistan 2025 E Region Jizzakh
6%
Iraq 2018 E Province Karbala
6%
Nepal 2021 C Province Karnali
6%
Colombia 2023 P Department La Guajira
6%
South Sudan 2017 P State Lakes
6%
Nepal 2021 C Province Madhesh
6%
Colombia 2023 P Department Magdalena
6%
Mozambique 2023 P Province Manica
6%
Iran 2023 P Province Markazi
6%
Tanzania 2022 C Region Mbeya
6%
Colombia 2023 P Department Meta
6%
Venezuela 2019 P State Miranda
6%
North Korea 2008 C Province North Hamgyong
6%
Nigeria 2022 P State Plateau
6%
Burkina Faso 2024 P Region Plateau-Central
6%
Togo 2022 C Region Plateaux
6%
Iran 2023 P Province Qazvin
6%
Egypt 2023 E Governorate Qena
6%
Sri Lanka 2024 C Province Sabaragamuwa
6%
Thailand 2019 P Province Samut Prakan
6%
North Korea 2008 C Province South Hamgyong
6%
Thailand 2019 P Province Surin
6%
Kenya 2023 P County Turkana
6%
Thailand 2019 P Province Ubon Ratchathani
6%
Sri Lanka 2024 C Province Uva
6%
Philippines 2020 C Region Western Visayas
6%
Mozambique 2023 P Province Zambezia
6%
Iraq 2018 E Province Al Anbar
5%
Syria 2021 E Governorate Al-Hasakah
5%
Venezuela 2019 P State Anzoátegui
5%
Venezuela 2019 P State Aragua
5%
Haiti 2009 E Department Artibonite
5%
Colombia 2023 P Department Atlántico
5%
Benin 2013 C Department Atlantique
5%
Afghanistan 2020 P Province Badakhshan
5%
Algeria 2008 C Province Batna
5%
Morocco 2024 C Region Béni Mellal-Khénifra
5%
Algeria 2008 C Province Blida
5%
Colombia 2023 P Department Boyacá
5%
Thailand 2019 P Province Buriram
5%
Venezuela 2019 P State Carabobo
5%
South Sudan 2017 P State Central Equatoria
5%
North Korea 2008 C Province Chagang
5%
Algeria 2008 C Province Chlef
5%
Kyrgyzstan 2022 C Region Chuy
5%
Zambia 2022 C Province Copperbelt
5%
Honduras 2023 P Department Cortés
5%
Algeria 2008 C Province Djelfa
5%
Vietnam 2019 C Province Đắk Lắk
5%
South Sudan 2017 P State Eastern Equatoria
5%
Afghanistan 2020 P Province Ghazni
5%
Nigeria 2022 P State Gombe
5%
Yemen 2004 C Province Hadramaut
5%
Yemen 2004 C Province Hajjah
5%
Democratic Republic of the Congo 2020 P Province Haut-Katanga
5%
Angola 2022 P Province Huíla
5%
Colombia 2023 P Department Huila
5%
Egypt 2023 E Governorate Ismailia
5%
Peru 2022 P Departament Junín
5%
Cambodia 2019 C Province Kandal
5%
Democratic Republic of the Congo 2020 P Province Kasaï
5%
Thailand 2019 P Province Khon Kaen
5%
Peru 2022 P Departament Lambayeque
5%
Turkmenistan 2022 C Region Lebap
5%
Myanmar 2024 C Region Magway
5%
Angola 2022 P Province Malanje
5%
Ecuador 2022 C Province Manabí
5%
Zimbabwe 2022 C Province Midlands
5%
Tanzania 2022 C Region Morogoro
5%
Thailand 2019 P Province Nakhon Pathom
5%
Colombia 2023 P Department Nariño
5%
Uzbekistan 2025 E Region Navoiy
5%
Vietnam 2019 C Province Nghệ An
5%
Iraq 2018 E Province Nineveh
5%
Colombia 2023 P Department Norte de Santander
5%
North Korea 2008 C Province North Hwanghae
5%
Sudan 2018 P State North Kordofan
5%
Guinea 2014 C Region Nzérékoré
5%
Nigeria 2022 P State Ondo
5%
Ecuador 2022 C Province Pichincha
5%
Cambodia 2019 C Province Prey Veng
5%
Thailand 2019 P Province Roi Et
5%
Myanmar 2024 C Region Sagaing
5%
Iraq 2018 E Province Saladin
5%
Guatemala 2018 C Department San Marcos
5%
Algeria 2008 C Province Sétif
5%
Thailand 2019 P Province Sisaket
5%
Egypt 2023 E Governorate Sohag
5%
North Korea 2008 C Province South Hwanghae
5%
Sudan 2018 P State South Kordofan
5%
Uzbekistan 2025 E Region Surxondaryo
5%
Venezuela 2019 P State Táchira
5%
Mozambique 2023 P Province Tete
5%
Colombia 2023 P Department Tolima
5%
Thailand 2019 P Province Udon Thani
5%
Angola 2022 P Province Uíge
5%
South Sudan 2017 P State Upper Nile
5%
Colombia 2023 P Department Valle del Cauca
5%
Uzbekistan 2025 E Region Xorazm
5%
Nigeria 2022 P State Abia
4%
Yemen 2004 C Province Al Hudaydah
4%
Vietnam 2019 C Province An Giang
4%
Afghanistan 2020 P Province Baghlan
4%
Nigeria 2022 P State Bauchi
4%
Nigeria 2022 P State Bayelsa
4%
Egypt 2023 E Governorate Beheira
4%
Egypt 2023 E Governorate Beni Suef
4%
Philippines 2020 C Region Bicol
4%
Colombia 2023 P Department Caldas
4%
Vietnam 2019 C Province Cà Mau
4%
Philippines 2020 C Region Caraga
4%
Angola 2022 P Province Cuanza Sul
4%
Angola 2022 P Province Cunene
4%
Niger 2020 P Region Dosso
4%
Gabon 2020 P Province Estuaire
4%
Kuwait 2021 C Province Farwaniya
4%
Afghanistan 2020 P Province Faryab
4%
Somalia 2019 Cn State Galmudug
4%
Somalia 2019 Cn State Hirshabelle
4%
Nigeria 2022 P State Imo
4%
Democratic Republic of the Congo 2020 P Province Ituri
4%
Guinea 2014 C Region Kankan
4%
Senegal 2023 C Region Kaolack
4%
Democratic Republic of the Congo 2020 P Province Kasaï-Central
4%
Democratic Republic of the Congo 2020 P Province Kasaï-Oriental
4%
Nigeria 2022 P State Katsina
4%
Tajikistan 2022 E Region Khatlon
4%
Kenya 2023 P County Kisumu
4%
Tanzania 2022 C Region Lindi
4%
Democratic Republic of the Congo 2020 P Province Lualaba
4%
Angola 2022 P Province Lunda Norte
4%
Zimbabwe 2022 C Province Manicaland
4%
Togo 2022 C Region Maritime
4%
Zimbabwe 2022 C Province Mashonaland East
4%
Zimbabwe 2022 C Province Mashonaland West
4%
Egypt 2023 E Governorate Minya
4%
Liberia 2022 C County Montserrado
4%
Mali 2022 C Region Mopti
4%
Tanzania 2022 C Region Mtwara
4%
Thailand 2019 P Province Nakhon Si Thammarat
4%
Kenya 2023 P County Nakuru
4%
Afghanistan 2020 P Province Nangarhar
4%
Mozambique 2023 P Province Niassa
4%
Vietnam 2019 C Province Ninh Bình
4%
Democratic Republic of the Congo 2020 P Province Nord-Ubangi
4%
Nigeria 2022 P State Ogun
4%
Nigeria 2022 P State Osun
4%
Thailand 2019 P Province Pathum Thani
4%
Ivory Coast 2021 C Region Poro
4%
Uzbekistan 2025 E Region Qashqadaryo
4%
Vietnam 2019 C Province Quảng Trị
4%
Tanzania 2022 C Region Rukwa
4%
Togo 2022 C Region Savanes
4%
Egypt 2023 E Governorate Sharqia
4%
Ethiopia 2022 P Region Sidama
4%
Tanzania 2022 C Region Singida
4%
Mozambique 2023 P Province Sofala
4%
Philippines 2020 C Region Southwestern Tagalog
4%
Democratic Republic of the Congo 2020 P Province Sud-Ubangi
4%
Tajikistan 2022 E Region Sughd
4%
Tanzania 2022 C Region Tabora
4%
Niger 2020 P Region Tahoua
4%
Afghanistan 2020 P Province Takhar
4%
Myanmar 2024 C Region Tanintharyi
4%
Nigeria 2022 P State Taraba
4%
Vietnam 2019 C Province Thái Nguyên
4%
Vietnam 2019 C Province Thanh Hóa
4%
Niger 2020 P Region Tillabéri
4%
Democratic Republic of the Congo 2020 P Province Tshopo
4%
Democratic Republic of the Congo 2020 P Province Tshuapa
4%
Ghana 2021 C Region Upper East
4%
Sudan 2018 P State West Kordofan
4%
Nigeria 2022 P State Zamfara
4%
Nigeria 2022 P State Akwa Ibom
3%
Madagascar 2020 P Region Analamanga
3%
Nigeria 2022 P State Anambra
3%
Democratic Republic of the Congo 2020 P Province Bas-Uélé
3%
Ethiopia 2022 P Region Benishangul-Gumuz
3%
Nigeria 2022 P State Benue
3%
Guinea 2014 C Region Boké
3%
Ghana 2021 C Region Bono
3%
Ghana 2021 C Region Bono East
3%
Benin 2013 C Department Borgou
3%
Burkina Faso 2024 P Region Boucle du Mouhoun
3%
Egypt 2023 E Governorate Dakahlia
3%
Yemen 2004 C Province Dhamar
3%
Senegal 2023 C Region Diourbel
3%
Iraq 2018 E Province Duhok
3%
Nigeria 2022 P State Ebonyi
3%
Nigeria 2022 P State Ekiti
3%
Tanzania 2022 C Region Geita
3%
Egypt 2023 E Governorate Gharbia
3%
Democratic Republic of the Congo 2020 P Province Haut-Lomami
3%
Burkina Faso 2024 P Region Hauts-Bassins
3%
Democratic Republic of the Congo 2020 P Province Haut-Uélé
3%
Tanzania 2022 C Region Iringa
3%
Nigeria 2022 P State Jigawa
3%
South Sudan 2017 P State Jonglei
3%
Tanzania 2022 C Region Kagera
3%
Sudan 2018 P State Kassala
3%
Tanzania 2022 C Region Katavi
3%
Nigeria 2022 P State Kebbi
3%
Vietnam 2019 C Province Khánh Hòa
3%
Tanzania 2022 C Region Kigoma
3%
Guinea 2014 C Region Kindia
3%
Nigeria 2022 P State Kogi
3%
Mali 2022 C Region Koulikoro
3%
Democratic Republic of the Congo 2020 P Province Kwango
3%
Nigeria 2022 P State Kwara
3%
Democratic Republic of the Congo 2020 P Province Kwilu
3%
Democratic Republic of the Congo 2020 P Province Lomami
3%
Zambia 2022 C Province Luapula
3%
Democratic Republic of the Congo 2020 P Province Mai-Ndombe
3%
Democratic Republic of the Congo 2020 P Province Maniema
3%
Tanzania 2022 C Region Manyara
3%
Niger 2020 P Region Maradi
3%
Zimbabwe 2022 C Province Mashonaland Central
3%
Iraq 2018 E Province Maysan
3%
Democratic Republic of the Congo 2020 P Province Mongala
3%
Egypt 2023 E Governorate Monufia
3%
Nigeria 2022 P State Nasarawa
3%
Chad 2019 P Region Ouaddaï
3%
Tanzania 2022 C Region Ruvuma
3%
Democratic Republic of the Congo 2020 P Province Sankuru
3%
Mali 2022 C Region Ségou
3%
Sudan 2018 P State Sennar
3%
Tanzania 2022 C Region Shinyanga
3%
Mali 2022 C Region Sikasso
3%
Algeria 2008 C Province Tizi Ouzou
3%
Nigeria 2022 P State Yobe
3%
Madagascar 2020 P Region Alaotra-Mangoro
2%
Sudan 2018 P State Al Qadarif
2%
Iraq 2018 E Province Al-Qādisiyyah
2%
Madagascar 2020 P Region Analanjirofo
2%
Madagascar 2020 P Region Atsimo-Andrefana
2%
Madagascar 2020 P Region Atsimo-Atsinanana
2%
Madagascar 2020 P Region Atsinanana
2%
Vietnam 2019 C Province Bắc Ninh
2%
Kenya 2023 P County Bungoma
2%
Iraq 2018 E Province Dhi Qar
2%
Iraq 2018 E Province Diyala
2%
Vietnam 2019 C Province Đồng Nai
2%
Vietnam 2019 C Province Đồng Tháp
2%
Ivory Coast 2021 C Region Gbêkê
2%
Sudan 2018 P State Gezira
2%
Vietnam 2019 C Province Gia Lai
2%
Vietnam 2019 C Province Hà Tĩnh
2%
Madagascar 2020 P Region Haute Matsiatra
2%
Ivory Coast 2021 C Region Haut-Sassandra
2%
Kenya 2023 P County Homa Bay
2%
Vietnam 2019 C Province Hưng Yên
2%
Egypt 2023 E Governorate Kafr El Sheikh
2%
Kenya 2023 P County Kajiado
2%
Kenya 2023 P County Kakamega
2%
Kenya 2023 P County Kiambu
2%
Kenya 2023 P County Kilifi
2%
Kenya 2023 P County Kisii
2%
Kenya 2023 P County Kitui
2%
Vietnam 2019 C Province Lâm Đồng
2%
Chad 2019 P Region Logone Oriental
2%
Ivory Coast 2021 C Region Lôh-Djiboua
2%
Senegal 2023 C Region Louga
2%
Kenya 2023 P County Machakos
2%
Kenya 2023 P County Makueni
2%
Chad 2019 P Region Mayo-Kebbi Est
2%
Kenya 2023 P County Meru
2%
Kenya 2023 P County Migori
2%
Kenya 2023 P County Murang'a
2%
Kenya 2023 P County Narok
2%
Ivory Coast 2021 C Region Nawa
2%
South Sudan 2017 P State Northern Bahr el Ghazal
2%
Benin 2013 C Department Ouémé
2%
Vietnam 2019 C Province Phú Thọ
2%
Egypt 2023 E Governorate Qalyubiyya
2%
Vietnam 2019 C Province Quảng Ngãi
2%
Vietnam 2019 C Province Quảng Ninh
2%
Kenya 2023 P County Siaya
2%
Tanzania 2022 C Region Simiyu
2%
Tanzania 2022 C Region Songwe
2%
Vietnam 2019 C Province Sơn La
2%
Vietnam 2019 C Province Tây Ninh
2%
Ivory Coast 2021 C Region Tonkpi
2%
Kenya 2023 P County Trans-Nzoia
2%
Vietnam 2019 C Province Tuyên Quang
2%
Kenya 2023 P County Uasin Gishu
2%
Madagascar 2020 P Region Vakinankaratra
2%
Vietnam 2019 C Province Vĩnh Long
2%
Uganda 2024 C District Wakiso
2%
South Sudan 2017 P State Warrap
2%
Iraq 2018 E Province Wasit
2%
Burundi 2024 C Province Buhumuza
1%
Burundi 2024 C Province Burunga
1%
Burundi 2024 C Province Butanyerera
1%
No matching quizzes found
Score Distribution
Percent of People with Each Score
Percentile by Number Answered
Your Score History
You have not taken this quiz